Smer pokroku je už objavený
Z európskeho seminára pre novinárov (European Press Seminar), ktorý sa uskutočnil vo francúzskom St. Paul de Vence od 22. do 25. 5. 1997 pod záštitou americkej spoločnosti Unisys. Využitie informácií v sociálnej a komerčnej oblasti. Najnovšie trendy v odvetví informačných technológií v Európe. Zákla...
Gespeichert in:
| 1. Verfasser: | |
|---|---|
| Format: | Buchkapitel |
| Sprache: | Slowakisch |
| Schlagworte: | |
| Tags: |
Keine Tags, Fügen Sie das erste Tag hinzu!
|
MARC
| LEADER | 00000naa a2200000 4500 | ||
|---|---|---|---|
| 001 | r027342 | ||
| 005 | 20230824090101.2 | ||
| 041 | 0 | |a slo | |
| 044 | |a SK | ||
| 245 | 1 | 0 | |a Smer pokroku je už objavený |c J. Koribský |
| 520 | |a Z európskeho seminára pre novinárov (European Press Seminar), ktorý sa uskutočnil vo francúzskom St. Paul de Vence od 22. do 25. 5. 1997 pod záštitou americkej spoločnosti Unisys. Využitie informácií v sociálnej a komerčnej oblasti. Najnovšie trendy v odvetví informačných technológií v Európe. Základné princípy stratégie spoločnosti Unisys. | ||
| 610 | 2 | 0 | |a Francúzsko |
| 610 | 2 | 0 | |a USA |
| 610 | 2 | 0 | |a Európa |
| 610 | 2 | 0 | |a St. Paul de Vence |
| 610 | 2 | 0 | |a máj |
| 610 | 2 | 0 | |a 1997 |
| 610 | 2 | 0 | |a semináre |
| 610 | 2 | 0 | |a novinárstvo |
| 610 | 2 | 0 | |a technológie informačné |
| 610 | 2 | 0 | |a spracovanie dát automatické |
| 610 | 2 | 0 | |a Unisys |
| 610 | 2 | 0 | |a informácie |
| 100 | 1 | |a Koribský, J. | |